Козирог | Прогноза за всеки ден (Запис номер 81840)
[ съкратено ]
| 000 -Лидер | |
|---|---|
| Контролно поле с фиксирана дължина | 00987nam a2200325 c 4500 |
| 003 - Код на организацията, давaща контролен номер | |
| Контролно поле | BLK |
| 005 - Дата и час на последна редакция | |
| Контролно поле | 20180420224631.0 |
| 008 - Елементи от данни с фиксирана дължина | |
| fixed length control field | 180408b bul|||||r ||||||| ||bul|| |
| 010 ## - Наследен системен номер | |
| LC control number | KNG00086359000 |
| 020 ## - Международен стандартен номер на книга ISBN | |
| Международен стандартен номер на книга ISBN | 954-792-068-5 |
| -- | издат.: СКОРПИО ви |
| 040 ## - Източник на каталожния запис | |
| Идентификатор на билиотеката - собственик на записа | BLK |
| 041 ## - Код за език | |
| Код за езика на текст/звукозапис или на отделно заглавие | Български |
| Код за езика КДБФ | Български |
| 080 ## - УДК | |
| Текстов определител УДК | Астрология |
| УДК код - определител по УДК | 133.52 |
| УДК определител | |
| УДК - код + определител | 133.52 |
| 100 1# - Редна дума - Автор | |
| Автор | Йоана |
| Авторска отговорност | първи автор |
| R(LIN) | 300281 |
| 139 ## - Редно поле | |
| Редна дума | Йоана |
| Авторски знак | Иоан - И 75 |
| 245 10 - Сведения за заглавието | |
| Заглавие | Козирог |
| Подзаглавни данни | 22 дек. - 19 ян. : Личен хороскоп |
| Редно поле (дума) | Йоана. |
| 245 10 - Сведения за заглавието | |
| Заглавие | Прогноза за всеки ден |
| Подзаглавни данни | |
| Редно поле (дума) | |
| 257 ## - Страна на издаване | |
| Страна на създаване/издаване | България |
| 260 ## - Област на издателските данни | |
| -- | София |
| Име на издателя, разпространителя и проч. | СКОРПИО ви |
| Година на издаване | 2003 |
| 300 ## - Физическа характеристика | |
| Страници | 152 с. |
| Размери/Мащаб | 17 см |
| 380 ## - Жанр | |
| Жанр | Философия |
| 650 #4 - Допълнително описание по предмет – тема | |
| Основно описание – тема или топоним | Астрология |
| 9 (RLIN) | 147757 |
| 653 ## - Ключова дума – ненормативна | |
| Ключова дума | астрология |
| 653 ## - Ключова дума – ненормативна | |
| Ключова дума | хороскопи |
| 852 ## - Местоположение | |
| Форматна сигнатура | Цб І 33163 |
| 856 4# - Електронен адрес и достъп | |
| Електронен формат | pdf - файл |
| Път до файла /url/ | |
| 856 4# - Електронен адрес и достъп | |
| Електронен формат | pdf - файл |
| Път до файла /url/ | |
| 942 ## - АРТИКУЛИ | |
| Вид на библиотечния материал | Книги |
| Скрит в OPAC | Не |
| 944 ## - СЪЗДАВАНЕ И РЕДАКЦИЯ на ЗАПИСА | |
| Създаване/Редакция | Създаване |
| Дата на регистрацията/редакция | 11.11.2008 |
| Служител, извършил регистрацията/редакцията | Милена_Ачева |
| 944 ## - СЪЗДАВАНЕ И РЕДАКЦИЯ на ЗАПИСА | |
| Създаване/Редакция | Редакция |
| Дата на регистрацията/редакция | 09.02.2009 |
| Служител, извършил регистрацията/редакцията | |
| 999 ## - СИСТЕМНИ КОНТРОЛНИ НОМЕРА | |
| Koha biblionumber | 81840 |
| Koha biblioitemnumber | 81840 |
| Код за отписване | Код за изгубен артикул | Код за повреда | Коз за рестрикции | Код за отдаване | Артикулен № | Име на библиотеката - собственик | Име на библиотеката, в която се намира в момента | Статус (Текущо местоположение) | Дата на вписване в системата | Местоположение - отдел | Цена в лева | Инвентарен номер | Систематично азбучна сигнатура | Баркод | Номер на екземпляра | Цена в евро | Служебна бележка | Служебен тип на артикула |
|---|---|---|---|---|---|---|---|---|---|---|---|---|---|---|---|---|---|---|
| Не е изгубен | Не е повреден | без рестрикции | ползва се в читалня | 132896 | Регионална библиотека "Любен Каравелов" Русе | Регионална библиотека "Любен Каравелов" Русе | Хранилище | 2008-11-11 | Хранилище | 3.50 | 120000731322 | Цб І 33163 | 120000731322 | 1 | 1.79 | Дост: Dp Вид: Д N: 28 Дата: 25.06.2008 | Книги |